00721cam a2200229 a 4500001000800000005001700008008004100025010003100066020002500097040001800122041000800140080002200148082002600170100000700196101000800203245006500211740002000276906004500296942001200341999001700353952012100370109240720180314093734.0920210s1991 kyua e 000 0 eng  a 92115675 z 92113600  a0891454640 :c$24.95 aDLCcDLCdDLC aeng a748.290491075 EDW00a748.290491075 EDW2201 a44 aART14aThe standard encyclopedia of carnival glass /cBill Edwards.0 aCarnival glass. a7bcbccorignewd2encipf19gy-gencatlg 2ddccBK c45043d45043 00102udc40708PËKGa002b002cPËKGd2018-03-14l0o748.290491075 EDWp002-3001821r2018-03-14w2018-03-14yBK